000 006230000a22001930004500
005 20231108145439.0
008 230817t1999 ||||| |||| 00| 0 eng d
020 _a9556250093
082 _a305.48
_bREA
245 _aReaching out -changing our lives :
_bOutreach strategies and women living under Muslim Laws
260 _aColombo:
_bWomen Living Under Muslim Laws,
_c1999
300 _a98 p. ; 28 cm.
650 _aMUSLIM WOMEN-SOCIAL CONDITIONS
650 _aMuslim women -- Civil rights;
650 _aMuslim women -- Legal status, laws
650 _aWomen's rights
700 _aBalchin, Cassandra
_eed.
942 _cRP
999 _c95
_d95